000 00330nam a2200145Ia 4500
008 230718s9999 xx 000 0 und d
041 _aEng.
082 _a343.54
_bANJ-L
100 _aAnjam,Sohail
245 0 _alaw of contract
260 _aPakistan
_bManzoor book house
_c2013
300 _a223
650 _aLaw
999 _c30355
_d30355